[Event "DVM U16 2021"]
[Site "Kiel GER"]
[Date "2022.07.25"]
[Round "5"]
[White "Hecht, Jonas Christian"]
[Black "Albert, Markus"]
[Result "0-1"]
[Termination "normal"]
[Board "5.1"]
[WhiteElo "1889"]
[BlackElo "2010"]
[WhiteClock "00:27:09"]
[BlackClock "00:59:03"]
[WhiteTeam "SC Brombach e.V."]
[BlackTeam "SC Ansbach 1855 e.V."]
[PlyCount "106"]
[WhiteFideId "16214846"]
[BlackFideId "16292626"]
[EventCountry "GER"]
[EventRounds "7"]
[EventType "team-swiss"]
[EventDate "2022.07.22"]

1. e4 {[%clk 01:30:58]} {[%emt 11:22:05]} e5 {[%clk 01:30:37]} {[%emt
00:00:23]} 2. Nf3 {[%clk 01:31:23]} {[%emt 00:00:05]} Nf6 {[%clk 01:31:01]}
{[%emt 00:00:06]} 3. Nc3 {[%clk 01:30:30]} {[%emt 00:01:23]} d6 {[%clk
01:30:07]} {[%emt 00:01:24]} 4. d4 {[%clk 01:27:18]} {[%emt 00:03:42]} Nbd7
{[%clk 01:30:14]} {[%emt 00:00:22]} 5. Be2 {[%clk 01:23:15]} {[%emt 00:04:34]}
Be7 {[%clk 01:30:13]} {[%emt 00:00:31]} 6. O-O {[%clk 01:23:27]} {[%emt
00:00:18]} c6 {[%clk 01:29:14]} {[%emt 00:01:29]} 7. a4 {[%clk 01:22:36]}
{[%emt 00:01:21]} O-O {[%clk 01:28:14]} {[%emt 00:01:30]} 8. Bg5 {[%clk
01:16:56]} {[%emt 00:06:10]} Re8 {[%clk 01:24:18]} {[%emt 00:04:26]} 9. Re1
{[%clk 01:11:37]} {[%emt 00:05:49]} Qc7 {[%clk 01:18:29]} {[%emt 00:06:19]} 10.
Qd2 {[%clk 01:09:02]} {[%emt 00:03:05]} Nf8 {[%clk 01:17:01]} {[%emt 00:01:59]}
11. Bh4 {[%clk 01:04:06]} {[%emt 00:05:25]} Ng6 {[%clk 01:07:34]} {[%emt
00:09:57]} 12. Bg3 {[%clk 01:04:08]} {[%emt 00:00:28]} Bf8 {[%clk 01:06:30]}
{[%emt 00:01:34]} 13. dxe5 {[%clk 00:56:34]} {[%emt 00:08:04]} dxe5 {[%clk
01:06:49]} {[%emt 00:00:10]} 14. Red1 {[%clk 00:53:06]} {[%emt 00:04:00]} Bb4
{[%clk 01:04:18]} {[%emt 00:03:00]} 15. Bd3 {[%clk 00:50:03]} {[%emt 00:03:33]}
Qa5 {[%clk 01:00:42]} {[%emt 00:04:07]} 16. Nh4 {[%clk 00:35:13]} {[%emt
00:15:19]} Nh5 {[%clk 00:56:41]} {[%emt 00:04:32]} 17. Nxg6 {[%clk 00:33:30]}
{[%emt 00:02:12]} hxg6 {[%clk 00:56:58]} {[%emt 00:00:12]} 18. Be2 {[%clk
00:32:09]} {[%emt 00:01:52]} Nxg3 {[%clk 00:55:11]} {[%emt 00:02:16]} 19. hxg3
{[%clk 00:31:25]} {[%emt 00:01:14]} Be6 {[%clk 00:55:22]} {[%emt 00:00:21]} 20.
Qe3 {[%clk 00:27:40]} {[%emt 00:04:14]} Bc5 {[%clk 00:52:45]} {[%emt 00:03:07]}
21. Qc1 {[%clk 00:25:24]} {[%emt 00:02:46]} Bd4 {[%clk 00:51:24]} {[%emt
00:01:50]} 22. Ra3 {[%clk 00:23:58]} {[%emt 00:01:57]} Rad8 {[%clk 00:51:01]}
{[%emt 00:00:52]} 23. Bd3 {[%clk 00:21:47]} {[%emt 00:02:41]} Qb6 {[%clk
00:50:21]} {[%emt 00:01:11]} 24. Rf1 {[%clk 00:19:06]} {[%emt 00:03:11]} f5
{[%clk 00:50:01]} {[%emt 00:00:51]} 25. a5 {[%clk 00:18:45]} {[%emt 00:00:51]}
Qc7 {[%clk 00:48:19]} {[%emt 00:02:11]} 26. Qg5 {[%clk 00:17:16]} {[%emt
00:01:58]} Bc5 {[%clk 00:46:24]} {[%emt 00:02:25]} 27. Ra4 {[%clk 00:16:22]}
{[%emt 00:01:25]} Qf7 {[%clk 00:46:34]} {[%emt 00:00:20]} 28. Raa1 {[%clk
00:12:30]} {[%emt 00:04:22]} Qf6 {[%clk 00:38:51]} {[%emt 00:08:13]} 29. Qxf6
{[%clk 00:09:31]} {[%emt 00:03:29]} gxf6 {[%clk 00:39:19]} {[%emt 00:00:02]}
30. Rfd1 {[%clk 00:09:30]} {[%emt 00:00:32]} Bb4 {[%clk 00:38:08]} {[%emt
00:01:40]} 31. a6 {[%clk 00:08:32]} {[%emt 00:01:28]} b5 {[%clk 00:37:25]}
{[%emt 00:01:13]} 32. Ne2 {[%clk 00:06:55]} {[%emt 00:02:06]} Rd6 {[%clk
00:36:40]} {[%emt 00:01:16]} 33. c3 {[%clk 00:05:25]} {[%emt 00:02:00]} Bc5
{[%clk 00:34:52]} {[%emt 00:02:18]} 34. exf5 {[%clk 00:05:28]} {[%emt
00:00:28]} Bb3 {[%clk 00:34:50]} {[%emt 00:00:31]} 35. Rf1 {[%clk 00:04:24]}
{[%emt 00:01:34]} Rxd3 {[%clk 00:35:06]} {[%emt 00:00:13]} 36. Nc1 {[%clk
00:04:53]} {[%emt 00:00:01]} Bc4 {[%clk 00:35:10]} {[%emt 00:00:26]} 37. b3
{[%clk 00:05:07]} {[%emt 00:00:17]} Rxc3 {[%clk 00:35:21]} {[%emt 00:00:19]}
38. bxc4 {[%clk 00:05:32]} {[%emt 00:00:05]} gxf5 {[%clk 00:35:21]} {[%emt
00:00:30]} 39. cxb5 {[%clk 00:05:47]} {[%emt 00:00:16]} cxb5 {[%clk 00:35:45]}
{[%emt 00:00:05]} 40. Ne2 {[%clk 00:05:50]} {[%emt 00:00:27]} Rd3 {[%clk
00:34:31]} {[%emt 00:01:44]} 41. Rfc1 {[%clk 00:05:08]} {[%emt 00:01:11]} Bb6
{[%clk 00:34:46]} {[%emt 00:00:15]} 42. Nc3 {[%clk 00:29:05]} {[%emt 00:06:33]}
Bd4 {[%clk 01:01:43]} {[%emt 00:03:33]} 43. Nd5 {[%clk 00:28:54]} {[%emt
00:00:42]} Rd8 {[%clk 00:57:34]} {[%emt 00:04:40]} 44. Ne7+ {[%clk 00:27:47]}
{[%emt 00:01:36]} Kf7 {[%clk 00:57:57]} {[%emt 00:00:07]} 45. Nc6 {[%clk
00:28:16]} {[%emt 00:00:01]} Bxa1 {[%clk 00:57:31]} {[%emt 00:00:56]} 46. Nxd8+
{[%clk 00:28:42]} {[%emt 00:00:04]} Rxd8 {[%clk 00:57:55]} {[%emt 00:00:05]}
47. Rxa1 {[%clk 00:29:09]} {[%emt 00:00:04]} Rd6 {[%clk 00:58:10]} {[%emt
00:00:15]} 48. Kf1 {[%clk 00:28:49]} {[%emt 00:00:50]} Ke6 {[%clk 00:58:28]}
{[%emt 00:00:12]} 49. Rb1 {[%clk 00:28:38]} {[%emt 00:00:41]} Rb6 {[%clk
00:58:48]} {[%emt 00:00:09]} 50. Ke2 {[%clk 00:29:07]} {[%emt 00:00:02]} Kd5
{[%clk 00:59:01]} {[%emt 00:00:17]} 51. Kd3 {[%clk 00:28:49]} {[%emt 00:00:48]}
b4 {[%clk 00:58:29]} {[%emt 00:01:03]} 52. Rb2 {[%clk 00:26:53]} {[%emt
00:02:26]} Kc5 {[%clk 00:58:49]} {[%emt 00:00:10]} 53. f3 {[%clk 00:27:09]}
{[%emt 00:00:14]} Rxa6 {[%clk 00:59:03]} {[%emt 00:00:16]} 0-1

[Event "DVM U16 2021"]
[Site "Kiel GER"]
[Date "2022.07.25"]
[Round "5"]
[White "Stark, Raphael"]
[Black "Wehrle, Maximilian"]
[Result "1/2-1/2"]
[Termination "normal"]
[Board "5.2"]
[WhiteElo "1667"]
[BlackElo "1739"]
[WhiteClock "00:23:11"]
[BlackClock "00:04:49"]
[WhiteTeam "SC Ansbach 1855 e.V."]
[BlackTeam "SC Brombach e.V."]
[PlyCount "104"]
[WhiteFideId "16230043"]
[BlackFideId "65600347"]
[EventCountry "GER"]
[EventRounds "7"]
[EventType "team-swiss"]
[EventDate "2022.07.22"]

1. Nc3 {[%clk 01:30:56]} {[%emt 00:00:02]} d5 {[%clk 01:30:01]} {[%emt
00:01:00]} 2. e4 {[%clk 01:31:16]} {[%emt 00:00:09]} d4 {[%clk 01:26:53]}
{[%emt 00:03:38]} 3. Nce2 {[%clk 01:31:40]} {[%emt 00:00:06]} e5 {[%clk
01:21:34]} {[%emt 00:05:49]} 4. Ng3 {[%clk 01:32:04]} {[%emt 00:00:07]} h5
{[%clk 01:19:22]} {[%emt 00:02:42]} 5. Nxh5 {[%clk 01:30:10]} {[%emt 00:02:24]}
g6 {[%clk 01:16:26]} {[%emt 00:03:25]} 6. Ng3 {[%clk 01:28:55]} {[%emt
00:01:45]} f5 {[%clk 01:14:53]} {[%emt 00:02:04]} 7. Bc4 {[%clk 01:26:04]}
{[%emt 00:03:20]} f4 {[%clk 01:13:20]} {[%emt 00:02:04]} 8. N3e2 {[%clk
01:24:35]} {[%emt 00:01:58]} Qg5 {[%clk 01:08:21]} {[%emt 00:05:29]} 9. g3
{[%clk 01:23:30]} {[%emt 00:01:35]} f3 {[%clk 01:00:02]} {[%emt 00:08:50]} 10.
Nxf3 {[%clk 01:15:40]} {[%emt 00:08:20]} Qg4 {[%clk 01:00:24]} {[%emt
00:00:07]} 11. Neg1 {[%clk 01:15:11]} {[%emt 00:00:59]} Qxe4+ {[%clk 01:00:41]}
{[%emt 00:00:12]} 12. Qe2 {[%clk 01:15:08]} {[%emt 00:00:34]} Qxe2+ {[%clk
01:01:06]} {[%emt 00:00:04]} 13. Nxe2 {[%clk 01:15:12]} {[%emt 00:00:27]} Bd6
{[%clk 01:00:25]} {[%emt 00:01:11]} 14. Nh4 {[%clk 01:13:41]} {[%emt 00:02:01]}
Ne7 {[%clk 00:57:10]} {[%emt 00:03:45]} 15. d3 {[%clk 01:12:05]} {[%emt
00:02:06]} Nbc6 {[%clk 00:56:53]} {[%emt 00:00:47]} 16. Bg5 {[%clk 01:09:21]}
{[%emt 00:03:14]} Rh5 {[%clk 00:54:15]} {[%emt 00:03:08]} 17. Bd2 {[%clk
01:03:54]} {[%emt 00:05:57]} e4 {[%clk 00:50:29]} {[%emt 00:04:17]} 18. O-O-O
{[%clk 00:50:25]} {[%emt 00:13:58]} g5 {[%clk 00:49:38]} {[%emt 00:01:21]} 19.
Ng2 {[%clk 00:48:59]} {[%emt 00:01:55]} Bg4 {[%clk 00:49:04]} {[%emt 00:01:05]}
20. Rde1 {[%clk 00:48:34]} {[%emt 00:00:54]} Bf3 {[%clk 00:49:14]} {[%emt
00:00:22]} 21. Rhg1 {[%clk 00:36:11]} {[%emt 00:12:52]} Rxh2 {[%clk 00:48:50]}
{[%emt 00:00:54]} 22. Rh1 {[%clk 00:35:41]} {[%emt 00:00:59]} Rxh1 {[%clk
00:49:14]} {[%emt 00:00:07]} 23. Rxh1 {[%clk 00:36:05]} {[%emt 00:00:06]} O-O-O
{[%clk 00:49:38]} {[%emt 00:00:06]} 24. Rh7 {[%clk 00:32:13]} {[%emt 00:04:21]}
Bxg2 {[%clk 00:48:48]} {[%emt 00:01:21]} 25. Bxg5 {[%clk 00:32:07]} {[%emt
00:00:35]} exd3 {[%clk 00:45:05]} {[%emt 00:04:13]} 26. cxd3 {[%clk 00:31:57]}
{[%emt 00:00:40]} Re8 {[%clk 00:44:42]} {[%emt 00:00:54]} 27. Nf4 {[%clk
00:31:29]} {[%emt 00:00:58]} Bxf4+ {[%clk 00:44:57]} {[%emt 00:00:15]} 28. Bxf4
{[%clk 00:31:55]} {[%emt 00:00:04]} Bd5 {[%clk 00:44:34]} {[%emt 00:00:51]} 29.
Bb5 {[%clk 00:31:33]} {[%emt 00:00:54]} a6 {[%clk 00:44:04]} {[%emt 00:01:00]}
30. Ba4 {[%clk 00:31:59]} {[%emt 00:00:03]} b5 {[%clk 00:43:31]} {[%emt
00:01:03]} 31. Bd1 {[%clk 00:32:24]} {[%emt 00:00:04]} Rf8 {[%clk 00:42:17]}
{[%emt 00:01:45]} 32. a3 {[%clk 00:31:40]} {[%emt 00:01:15]} Rf7 {[%clk
00:42:31]} {[%emt 00:00:16]} 33. Rh8+ {[%clk 00:31:20]} {[%emt 00:00:50]} Kb7
{[%clk 00:42:50]} {[%emt 00:00:11]} 34. Bh5 {[%clk 00:31:27]} {[%emt 00:00:23]}
Rg7 {[%clk 00:41:44]} {[%emt 00:01:32]} 35. Bh6 {[%emt 00:01:27]} Rg8 {[%clk
00:41:43]} {[%emt 00:00:06]} 36. Rh7 {[%clk 00:31:06]} {[%emt 00:00:18]} Nf5
{[%clk 00:40:37]} {[%emt 00:01:41]} 37. Bf4 {[%clk 00:31:11]} {[%emt 00:00:25]}
Rg7 {[%clk 00:39:39]} {[%emt 00:01:27]} 38. Rh8 {[%emt 00:04:19]} b4 {[%clk
00:35:35]} {[%emt 00:00:52]} 39. Kd2 {[%clk 00:30:46]} {[%emt 00:00:49]} bxa3
{[%clk 00:34:05]} {[%emt 00:01:59]} 40. bxa3 {[%emt 00:01:57]} Nd6 {[%clk
00:32:03]} {[%emt 00:00:42]} 41. Bh6 {[%clk 00:30:28]} {[%emt 00:01:11]} Rg8
{[%emt 00:02:13]} 42. Rh7 {[%clk 00:30:09]} {[%emt 00:00:41]} Nf5 {[%clk
00:27:57]} {[%emt 00:03:01]} 43. Bf4 {[%clk 00:30:26]} {[%emt 00:00:13]} Rg7
{[%clk 00:28:11]} {[%emt 00:00:16]} 44. Rh8 {[%emt 00:15:34]} Kb6 {[%clk
00:13:04]} {[%emt 00:00:21]} 45. Be2 {[%clk 00:28:09]} {[%emt 00:02:59]} Nfe7
{[%clk 00:12:07]} {[%emt 00:01:26]} 46. Rh5 {[%clk 00:26:46]} {[%emt 00:01:54]}
Be6 {[%clk 00:11:47]} {[%emt 00:00:48]} 47. Rh1 {[%clk 00:26:33]} {[%emt
00:00:45]} Nd5 {[%clk 00:11:03]} {[%emt 00:01:13]} 48. Rh6 {[%clk 00:24:12]}
{[%emt 00:02:52]} Nxf4 {[%clk 00:10:49]} {[%emt 00:00:43]} 49. gxf4 {[%clk
00:24:20]} {[%emt 00:00:23]} Bg4 {[%clk 00:10:16]} {[%emt 00:01:03]} 50. f3
{[%clk 00:23:59]} {[%emt 00:00:51]} Bf5 {[%clk 00:10:06]} {[%emt 00:00:40]} 51.
Rf6 {[%clk 00:24:10]} {[%emt 00:00:20]} Bd7 {[%clk 00:09:25]} {[%emt 00:01:09]}
52. Rf8 {[%clk 00:23:11]} {[%emt 00:01:31]} Ne7 {[%clk 00:04:49]} {[%emt
00:05:05]} 1/2-1/2

[Event "DVM U16 2021"]
[Site "Kiel GER"]
[Date "2022.07.25"]
[Round "5"]
[White "Weiß, David"]
[Black "Stark, Amalia"]
[Result "1-0"]
[Termination "normal"]
[Board "5.3"]
[WhiteElo "1759"]
[BlackElo "1365"]
[WhiteClock "01:04:34"]
[BlackClock "01:03:17"]
[WhiteTeam "SC Brombach e.V."]
[BlackTeam "SC Ansbach 1855 e.V."]
[PlyCount "29"]
[WhiteFideId "34628428"]
[BlackFideId "16230132"]
[EventCountry "GER"]
[EventRounds "7"]
[EventType "team-swiss"]
[EventDate "2022.07.22"]

1. Nf3 {[%clk 01:30:58]} {[%emt 12:18:06]} b6 {[%clk 01:30:48]} {[%emt
00:00:12]} 2. g3 {[%clk 01:31:21]} {[%emt 00:00:07]} Bb7 {[%clk 01:31:12]}
{[%emt 00:00:06]} 3. Bg2 {[%clk 01:31:45]} {[%emt 00:00:06]} e5 {[%clk
01:30:30]} {[%emt 00:01:13]} 4. O-O {[%clk 01:29:36]} {[%emt 00:02:38]} d6
{[%clk 01:30:41]} {[%emt 00:00:19]} 5. c4 {[%clk 01:28:48]} {[%emt 00:01:18]}
Be7 {[%clk 01:30:06]} {[%emt 00:01:05]} 6. Nc3 {[%clk 01:27:55]} {[%emt
00:01:23]} h5 {[%clk 01:27:56]} {[%emt 00:02:40]} 7. Nd5 {[%clk 01:23:15]}
{[%emt 00:05:10]} Bxd5 {[%clk 01:26:47]} {[%emt 00:01:39]} 8. cxd5 {[%clk
01:23:38]} {[%emt 00:00:06]} h4 {[%clk 01:25:25]} {[%emt 00:01:53]} 9. d4
{[%clk 01:13:35]} {[%emt 00:10:33]} hxg3 {[%clk 01:23:26]} {[%emt 00:02:28]}
10. fxg3 {[%clk 01:12:27]} {[%emt 00:01:38]} exd4 {[%clk 01:20:17]} {[%emt
00:03:40]} 11. Nxd4 {[%clk 01:11:27]} {[%emt 00:01:30]} Nd7 {[%clk 01:18:10]}
{[%emt 00:02:37]} 12. Qa4 {[%clk 01:09:29]} {[%emt 00:02:28]} a6 {[%clk
01:07:18]} {[%emt 00:11:23]} 13. Ne6 {[%clk 01:04:26]} {[%emt 00:05:31]} fxe6
{[%clk 01:06:05]} {[%emt 00:01:43]} 14. dxe6 {[%clk 01:04:16]} {[%emt
00:00:40]} Ra7 {[%clk 01:03:17]} {[%emt 00:03:19]} 15. exd7+ {[%clk 01:04:34]}
{[%emt 00:00:11]} 1-0

[Event "DVM U16 2021"]
[Site "Kiel GER"]
[Date "2022.07.25"]
[Round "5"]
[White "Seiler, Leon"]
[Black "Wehrle, Valentin"]
[Result "0-1"]
[Termination "normal"]
[Board "5.4"]
[WhiteElo "1164"]
[BlackElo "1440"]
[WhiteClock "00:05:04"]
[BlackClock "00:38:22"]
[WhiteTeam "SC Ansbach 1855 e.V."]
[BlackTeam "SC Brombach e.V."]
[PlyCount "140"]
[WhiteFideId "16292642"]
[BlackFideId "65600355"]
[EventCountry "GER"]
[EventRounds "7"]
[EventType "team-swiss"]
[EventDate "2022.07.22"]

1. e4 {[%clk 01:30:59]} {[%emt 12:18:15]} c5 {[%clk 01:30:50]} {[%emt
00:00:10]} 2. Nf3 {[%clk 01:31:22]} {[%emt 00:00:06]} e6 {[%clk 01:31:10]}
{[%emt 00:00:10]} 3. b4 {[%clk 01:31:40]} {[%emt 00:00:12]} cxb4 {[%clk
01:30:58]} {[%emt 00:00:42]} 4. d4 {[%clk 01:31:57]} {[%emt 00:00:13]} d5
{[%clk 01:30:30]} {[%emt 00:00:58]} 5. e5 {[%clk 01:32:11]} {[%emt 00:00:17]}
Nc6 {[%clk 01:29:55]} {[%emt 00:01:04]} 6. a3 {[%clk 01:32:01]} {[%emt
00:00:40]} bxa3 {[%clk 01:29:33]} {[%emt 00:00:52]} 7. c3 {[%clk 01:32:08]}
{[%emt 00:00:24]} Bd7 {[%clk 01:28:13]} {[%emt 00:01:50]} 8. Nxa3 {[%clk
01:29:42]} {[%emt 00:02:56]} a6 {[%clk 01:27:01]} {[%emt 00:01:42]} 9. Bd3
{[%clk 01:29:11]} {[%emt 00:01:00]} Be7 {[%clk 01:25:21]} {[%emt 00:02:10]} 10.
Qc2 {[%clk 01:27:06]} {[%emt 00:02:36]} f5 {[%clk 01:23:47]} {[%emt 00:02:03]}
11. exf6 {[%clk 01:25:21]} {[%emt 00:02:15]} Nxf6 {[%clk 01:24:00]} {[%emt
00:00:17]} 12. Ng5 {[%clk 01:24:43]} {[%emt 00:01:08]} h6 {[%clk 01:23:46]}
{[%emt 00:00:45]} 13. Bg6+ {[%clk 01:24:10]} {[%emt 00:01:02]} Kf8 {[%clk
01:23:39]} {[%emt 00:00:37]} 14. Nf7 {[%clk 01:24:25]} {[%emt 00:00:15]} Qa5
{[%clk 01:23:32]} {[%emt 00:00:38]} 15. Nxh8 {[%clk 01:24:08]} {[%emt
00:00:46]} Nxd4 {[%clk 01:23:24]} {[%emt 00:00:38]} 16. Qb2 {[%clk 01:20:07]}
{[%emt 00:04:30]} Nc6 {[%clk 01:19:57]} {[%emt 00:03:56]} 17. Nc4 {[%clk
01:16:57]} {[%emt 00:03:42]} Qc7 {[%clk 01:18:57]} {[%emt 00:01:30]} 18. Qb6
{[%clk 01:14:18]} {[%emt 00:03:09]} Qc8 {[%clk 01:17:54]} {[%emt 00:01:33]} 19.
Na5 {[%clk 01:10:57]} {[%emt 00:03:51]} Ne5 {[%clk 01:15:17]} {[%emt 00:03:07]}
20. Qd4 {[%clk 01:03:44]} {[%emt 00:07:43]} Qc7 {[%clk 01:14:53]} {[%emt
00:00:54]} 21. Bd3 {[%clk 00:58:08]} {[%emt 00:06:06]} Bc5 {[%clk 01:11:37]}
{[%emt 00:03:46]} 22. Ba3 {[%clk 00:43:47]} {[%emt 00:14:52]} Nxd3+ {[%clk
01:11:07]} {[%emt 00:01:00]} 23. Qxd3 {[%clk 00:43:59]} {[%emt 00:00:17]} Qxa5
{[%clk 01:11:18]} {[%emt 00:00:18]} 24. Bxc5+ {[%clk 00:44:03]} {[%emt
00:00:26]} Qxc5 {[%clk 01:11:39]} {[%emt 00:00:10]} 25. Ng6+ {[%clk 00:44:17]}
{[%emt 00:00:16]} Ke8 {[%clk 01:08:53]} {[%emt 00:03:16]} 26. Ne5 {[%clk
00:42:28]} {[%emt 00:02:19]} Ne4 {[%clk 01:08:26]} {[%emt 00:00:57]} 27. Qc2
{[%clk 00:41:42]} {[%emt 00:01:16]} Qxc3+ {[%clk 01:04:40]} {[%emt 00:04:16]}
28. Qxc3 {[%clk 00:41:59]} {[%emt 00:00:13]} Nxc3 {[%clk 01:05:04]} {[%emt
00:00:06]} 29. Rc1 {[%clk 00:41:53]} {[%emt 00:00:35]} Rc8 {[%clk 01:05:05]}
{[%emt 00:00:29]} 30. f3 {[%clk 00:41:03]} {[%emt 00:01:21]} Nb5 {[%clk
01:04:19]} {[%emt 00:01:16]} 31. Rxc8+ {[%clk 00:40:46]} {[%emt 00:00:47]} Bxc8
{[%clk 01:04:38]} {[%emt 00:00:10]} 32. Kd2 {[%clk 00:41:07]} {[%emt 00:00:10]}
b6 {[%clk 01:04:03]} {[%emt 00:01:06]} 33. Rc1 {[%clk 00:40:21]} {[%emt
00:01:15]} Bb7 {[%clk 01:03:43]} {[%emt 00:00:49]} 34. Ng6 {[%clk 00:39:21]}
{[%emt 00:01:31]} Kd7 {[%clk 01:02:49]} {[%emt 00:01:24]} 35. Ne5+ {[%clk
00:38:36]} {[%emt 00:01:15]} Ke7 {[%clk 01:01:33]} {[%emt 00:01:43]} 36. Ng6+
{[%clk 00:36:53]} {[%emt 00:02:16]} Kd6 {[%clk 00:59:52]} {[%emt 00:02:11]} 37.
Kd3 {[%clk 00:34:55]} {[%emt 00:02:28]} e5 {[%clk 00:59:14]} {[%emt 00:01:08]}
38. Re1 {[%clk 00:33:31]} {[%emt 00:01:55]} e4+ {[%clk 00:59:19]} {[%emt
00:00:24]} 39. fxe4 {[%clk 00:33:54]} {[%emt 00:00:07]} dxe4+ {[%clk 00:59:42]}
{[%emt 00:00:07]} 40. Ke3 {[%clk 00:33:46]} {[%emt 00:00:38]} Nc3 {[%clk
00:59:37]} {[%emt 00:00:35]} 41. Rc1 {[%clk 00:32:44]} {[%emt 00:01:32]} Nd5+
{[%clk 00:59:44]} {[%emt 00:00:22]} 42. Kd4 {[%clk 00:30:47]} {[%emt 00:02:27]}
b5 {[%clk 00:55:02]} {[%emt 00:05:12]} 43. Nh4 {[%clk 00:27:14]} {[%emt
00:04:04]} Ne7 {[%clk 00:55:04]} {[%emt 00:00:28]} 44. g3 {[%clk 00:24:54]}
{[%emt 00:02:50]} g5 {[%clk 00:55:06]} {[%emt 00:00:27]} 45. Ng2 {[%clk
00:25:15]} {[%emt 00:00:10]} Nf5+ {[%clk 00:55:13]} {[%emt 00:00:23]} 46. Kc3
{[%clk 00:25:19]} {[%emt 00:00:26]} a5 {[%clk 00:53:03]} {[%emt 00:02:39]} 47.
Rf1 {[%clk 00:24:17]} {[%emt 00:01:32]} Ke5 {[%clk 00:46:54]} {[%emt 00:06:39]}
48. g4 {[%clk 00:22:32]} {[%emt 00:02:16]} Nd6 {[%clk 00:47:08]} {[%emt
00:00:16]} 49. Rf8 {[%clk 00:21:26]} {[%emt 00:01:37]} b4+ {[%clk 00:46:59]}
{[%emt 00:00:38]} 50. Kc2 {[%clk 00:18:32]} {[%emt 00:03:24]} a4 {[%clk
00:46:52]} {[%emt 00:00:36]} 51. Ne3 {[%clk 00:17:14]} {[%emt 00:01:48]} b3+
{[%clk 00:44:49]} {[%emt 00:02:34]} 52. Kb2 {[%clk 00:17:18]} {[%emt 00:00:25]}
Kd4 {[%clk 00:45:07]} {[%emt 00:00:13]} 53. Nf5+ {[%clk 00:16:26]} {[%emt
00:01:22]} Nxf5 {[%clk 00:45:27]} {[%emt 00:00:10]} 54. gxf5 {[%clk 00:16:43]}
{[%emt 00:00:12]} Ke5 {[%clk 00:45:20]} {[%emt 00:00:37]} 55. f6 {[%clk
00:16:36]} {[%emt 00:00:38]} Ke6 {[%clk 00:44:33]} {[%emt 00:01:18]} 56. f7
{[%clk 00:16:19]} {[%emt 00:00:45]} e3 {[%clk 00:40:56]} {[%emt 00:04:08]} 57.
Rb8 {[%clk 00:13:01]} {[%emt 00:03:48]} Kxf7 {[%clk 00:40:39]} {[%emt
00:00:46]} 58. Rxb7+ {[%clk 00:13:20]} {[%emt 00:00:11]} Kf6 {[%clk 00:40:58]}
{[%emt 00:00:11]} 59. Kc3 {[%clk 00:10:09]} {[%emt 00:03:41]} Kf5 {[%clk
00:41:04]} {[%emt 00:00:24]} 60. Kd3 {[%clk 00:10:12]} {[%emt 00:00:27]} Kf4
{[%clk 00:41:09]} {[%emt 00:00:26]} 61. Rf7+ {[%clk 00:09:53]} {[%emt
00:00:49]} Kg4 {[%emt 00:00:14]} 62. Rb7 {[%clk 00:08:01]} {[%emt 00:02:20]}
Kf3 {[%clk 00:41:25]} {[%emt 00:00:31]} 63. Rf7 {[%clk 00:07:56]} {[%emt
00:00:35]} Kg2 {[%emt 00:00:41]} 64. h3 {[%clk 00:07:45]} {[%emt 00:00:36]} b2
{[%clk 00:37:48]} {[%emt 00:04:01]} 65. Rb7 {[%clk 00:07:46]} {[%emt 00:00:30]}
a3 {[%clk 00:38:08]} {[%emt 00:00:09]} 66. Kxe3 {[%clk 00:06:34]} {[%emt
00:01:42]} Kxh3 {[%clk 00:38:25]} {[%emt 00:00:12]} 67. Rb3 {[%clk 00:06:28]}
{[%emt 00:00:37]} a2 {[%clk 00:38:02]} {[%emt 00:00:53]} 68. Kd2+ {[%clk
00:06:16]} {[%emt 00:00:43]} Kg4 {[%emt 00:00:36]} 69. Rxb2 {[%clk 00:04:48]}
{[%emt 00:01:56]} a1=Q {[%clk 00:38:10]} {[%emt 00:00:16]} 70. Kc2 {[%clk
00:05:04]} {[%emt 00:00:16]} Qxb2+ {[%clk 00:38:22]} {[%emt 00:00:18]} 0-1